[Event "CAN-op U1800"]
[Site "Regina CAN"]
[Date "2019.07.16"]
[Round "7.42"]
[White "Jiang, William"]
[Black "Bolduc, Jacques"]
[Result "0-1"]
[WhiteElo "979"]
[BlackElo "1410"]
[PlyCount "172"]
[EventDate "2019.07.12"]
[EventType "swiss"]
[EventRounds "9"]
[EventCountry "CAN"]

1. e4 c5 2. Nc3 Nc6 3. g3 e5 4. Bg2 Nf6 5. Nge2 Be7 6. O-O O-O 7. d3 d6 8. h3
Be6 9. f4 exf4 10. gxf4 Qc7 11. Kh2 Rfd8 12. Nb5 Qb6 13. Nbc3 Rac8 14. Rg1 a6
15. Qe1 Qc7 16. f5 Bd7 17. Qg3 Nh5 18. Qg4 d5+ 19. Kh1 Nf6 20. Qf3 d4 21. Nd1
Ne5 22. Qg3 Bd6 23. Bf3 g6 24. Bf4 Bc6 25. c3 Nxd3 26. fxg6 fxg6 27. Bxd6 Qxd6
28. Qh4 Kh8 29. Rxg6 Rf8 30. Ng3 Nf4 31. Rh6 Rc7 32. Nf5 Qe6 33. Qxf4 Rcf7 34.
Bg4 Bxe4+ 35. Kg1 Bxf5 36. Bxf5 Qe1+ 37. Kh2 Qe7 38. cxd4 Nd5 39. Qe4 Rxf5 40.
Re6 Qc7+ 41. Kh1 Rf1+ 42. Kg2 Qg7+ 43. Qg4 Qxg4+ 44. hxg4 cxd4 45. Rd6 Ne3+ 46.
Nxe3 Rxa1 47. Rxd4 Rxa2 48. Rb4 b5 49. Kg3 Rd8 50. Nf5 Ra4 51. Rb3 Kg8 52. Nh6+
Kg7 53. Nf5+ Kf6 54. Rc3 Rc4 55. Rf3 Kg5 56. Nh4 Rxg4+ 57. Kf2 Rxh4 58. Rg3+
Rg4 59. Re3 Rd2+ 60. Kf3 Rf4+ 61. Kg3 Rxb2 62. Re5+ Rf5 63. Re4 Kf6 64. Rd4 a5
65. Rd6+ Ke5 66. Rh6 Rb3+ 67. Kg2 Rg5+ 68. Kf2 a4 69. Rxh7 Rf5+ 70. Ke2 Rb2+
71. Ke3 a3 72. Re7+ Kf6 73. Ra7 b4 74. Kd3 Rf3+ 75. Kc4 Rc3+ 76. Kb5 Rc1 77.
Ra6+ Ke5 78. Ra8 a2 79. Re8+ Kf6 80. Rf8+ Ke7 81. Ra8 a1=Q 82. Rxa1 Rxa1 83.
Kb6 Rc2 84. Kb5 b3 85. Kb4 b2 86. Kb3 b1=Q# 0-1

[Event "CAN-op U1800"]
[Site "Regina CAN"]
[Date "2019.07.16"]
[Round "7.43"]
[White "Li, Alan"]
[Black "Li, Avery"]
[Result "1-0"]
[WhiteElo "1272"]
[BlackElo "1365"]
[PlyCount "99"]
[EventDate "2019.07.12"]
[EventType "swiss"]
[EventRounds "9"]
[EventCountry "CAN"]

1. e4 e6 2. d4 d5 3. exd5 exd5 4. Nc3 Nf6 5. Bg5 Be7 6. h3 c6 7. Nf3 h6 8. Bh4
Bf5 9. Bd3 Bxd3 10. Qxd3 O-O 11. O-O Qc7 12. Rfe1 Qd8 13. Qe3 Re8 14. Bxf6 gxf6
15. Qxh6 Bf8 16. Rxe8 Qxe8 17. Qxf6 Bg7 18. Qh4 Nd7 19. Re1 Qd8 20. Qxd8+ Rxd8
21. Re7 Kf8 22. Re1 Nb6 23. b3 Nc8 24. Ne2 Re8 25. Kf1 Nd6 26. Ng3 Rd8 27. a4
b6 28. Ne5 Rc8 29. Nh5 Bh6 30. Nd7+ Kg8 31. Ndf6+ Kf8 32. Re5 Rc7 33. c4 dxc4
34. bxc4 c5 35. dxc5 bxc5 36. Ke2 Rb7 37. Rxc5 Rb2+ 38. Kf3 Rb3+ 39. Kg4 Rb4
40. Rc6 Nxc4 41. Rc8+ Ke7 42. Nd5+ Kd7 43. Rd8+ Kxd8 44. Nxb4 Nb6 45. Nc6+ Kd7
46. Nxa7 Nxa4 47. Nb5 Nb6 48. Nd4 Nc8 49. Nf6+ Ke7 50. Ng8+ 1-0

[Event "CAN-op U1800"]
[Site "Regina CAN"]
[Date "2019.07.16"]
[Round "7.44"]
[White "Li, Anthony Zongyue"]
[Black "Richardson, Daniel"]
[Result "1/2-1/2"]
[WhiteElo "847"]
[BlackElo "1126"]
[PlyCount "90"]
[EventDate "2019.07.12"]
[EventType "swiss"]
[EventRounds "9"]
[EventCountry "CAN"]

1. d4 d5 2. Nf3 Nf6 3. e3 Nc6 4. Bd3 Bg4 5. Nbd2 e6 6. h3 Bh5 7. O-O Bd6 8. Re1
O-O 9. e4 dxe4 10. Nxe4 Nxd4 11. g4 Nxf3+ 12. Qxf3 Nxe4 13. Bxe4 Bg6 14. Bxb7
Rb8 15. Be3 Qh4 16. Bxa7 Rbd8 17. Qc3 h5 18. gxh5 Qxh5 19. Bg2 Qh4 20. Bd4 e5
21. Bxe5 Bxe5 22. Qxe5 Rd2 23. Re2 Rfd8 24. Qe3 R2d6 25. a4 Bh5 26. Ree1 Rd1
27. Qe4 Qf6 28. Raxd1 Bxd1 29. b4 Qc3 30. b5 Bxc2 31. Qe7 Rf8 32. Rc1 Qb2 33.
Qg5 Bxa4 34. Rxc7 Bxb5 35. Qc1 Qxc1+ 36. Rxc1 g5 37. Rc5 Bd3 38. Rxg5+ Kh7 39.
Kh2 f5 40. Kg3 Kh6 41. f4 Re8 42. Kh4 Rd8 43. Rh5+ Kg6 44. Rg5+ Kh6 45. Rh5+
Kg6 1/2-1/2

[Event "CAN-op U1800"]
[Site "Regina CAN"]
[Date "2019.07.16"]
[Round "7.45"]
[White "Li, Andrew"]
[Black "Trinh, Khoi"]
[Result "1-0"]
[WhiteElo "1669"]
[BlackElo "994"]
[PlyCount "89"]
[EventDate "2019.07.12"]
[EventType "swiss"]
[EventRounds "9"]
[EventCountry "CAN"]

1. e4 c6 2. d4 d5 3. Nc3 dxe4 4. Nxe4 Nd7 5. b3 Ngf6 6. Ng3 Nb6 7. h3 e6 8. Bb2
Be7 9. Nf3 Bd7 10. Ne5 Qc7 11. Nh5 Rg8 12. Bd3 h6 13. Nxf6+ Bxf6 14. Qh5 Bxe5
15. dxe5 O-O-O 16. Qxf7 Rdf8 17. Qh5 Nd5 18. O-O Nf4 19. Qd1 g5 20. Bh7 Rg7 21.
Ba3 Rh8 22. Bd6 Qd8 23. Be4 h5 24. f3 Rhg8 25. Qd2 g4 26. fxg4 Qb6+ 27. Kh2 Nd5
28. gxh5 Be8 29. h6 Rf7 30. h7 Rh8 31. Rxf7 Bxf7 32. Rf1 Rxh7 33. Bxh7 Be8 34.
Qh6 Nc7 35. Rf8 Qg1+ 36. Kxg1 b6 37. Qg7 Kb7 38. Qxc7+ Ka6 39. Bd3+ b5 40. Rxe8
c5 41. Bxb5+ Kxb5 42. Rb8+ Ka6 43. Qc6+ Ka5 44. Bxc5 a6 45. b4# 1-0

[Event "CAN-op U1800"]
[Site "Regina CAN"]
[Date "2019.07.16"]
[Round "7.46"]
[White "Myrzaibraimova, Alia"]
[Black "Mayol, John"]
[Result "0-1"]
[WhiteElo "1208"]
[BlackElo "1716"]
[PlyCount "84"]
[EventDate "2019.07.12"]
[EventType "swiss"]
[EventRounds "9"]
[EventCountry "CAN"]

1. e4 e5 2. Nf3 Nc6 3. Bc4 h6 4. O-O Nf6 5. Nc3 d6 6. d3 Be7 7. h3 a6 8. Be3
Be6 9. Bb3 O-O 10. Qd2 Kh7 11. Bxe6 fxe6 12. Bg5 Nd4 13. Nxd4 exd4 14. Bxf6
Rxf6 15. Ne2 e5 16. f4 Qd7 17. f5 Raf8 18. g4 R6f7 19. Qe1 Qd8 20. Kg2 Bh4 21.
Ng3 Qg5 22. Qc1 Qe7 23. Qd2 Bg5 24. Qe2 Bf4 25. Nh5 Be3 26. Rf3 Qg5 27. c3 c5
28. a4 Kh8 29. cxd4 Bxd4 30. Rd1 Kg8 31. Qd2 Qh4 32. b3 g6 33. Ng3 h5 34. Qh6
Rg7 35. fxg6 Rxf3 36. Kxf3 hxg4+ 37. hxg4 Qxh6 38. Nf5 Qh3+ 39. Ng3 Rxg6 40.
Rh1 Qxg4+ 41. Kg2 Qxg3+ 42. Kf1 Qf2# 0-1

[Event "CAN-op U1800"]
[Site "Regina CAN"]
[Date "2019.07.16"]
[Round "7.47"]
[White "Gao, Sean"]
[Black "Sorgard, William"]
[Result "1/2-1/2"]
[WhiteElo "807"]
[BlackElo "845"]
[PlyCount "124"]
[EventDate "2019.07.12"]
[EventType "swiss"]
[EventRounds "9"]
[EventCountry "CAN"]

1. e4 e5 2. Nf3 Nc6 3. Bc4 Bc5 4. c3 Nf6 5. d4 Bb6 6. Bg5 d6 7. h3 O-O 8. O-O
h6 9. Bh4 Na5 10. Bd5 c6 11. Bb3 Nxb3 12. Qxb3 c5 13. d5 Rb8 14. c4 Ba5 15. a4
a6 16. Na3 Bd7 17. Qd3 Bxa4 18. b3 Bd7 19. Rab1 Bb4 20. Nc2 Ba5 21. Na3 Bb4 22.
Nc2 Ba5 23. b4 cxb4 24. Nxb4 Bxb4 25. Rxb4 b5 26. cxb5 Bxb5 27. Rxb5 Rxb5 28.
Qa3 Ra5 29. Bxf6 Rxa3 30. Bxd8 Rxd8 31. Nd2 Ra2 32. Nc4 Ra4 33. Nb2 Rxe4 34.
Ra1 Rd4 35. Rxa6 Rxd5 36. Nc4 Rd4 37. Ne3 Rd2 38. Nf5 d5 39. Ne7+ Kf8 40. Nc6
Rc8 41. Nxe5 Rc1+ 42. Kh2 Rxf2 43. Nd3 Rcc2 44. Nxf2 Rxf2 45. Rd6 Rd2 46. Kg3
Ke7 47. Ra6 Rd3+ 48. Kf4 Rd2 49. Kf3 d4 50. Ra3 d3 51. Ke3 Rxg2 52. Ra7+ Kf6
53. Kxd3 Rg3+ 54. Ke4 Rxh3 55. Ra6+ Kg5 56. Ra7 f5+ 57. Ke5 f4 58. Rxg7+ Kh5
59. Kxf4 Rh4+ 60. Kf5 Rh3 61. Rg1 Rf3+ 62. Ke4 Rf8 1/2-1/2

[Event "CAN-op U1800"]
[Site "Regina CAN"]
[Date "2019.07.16"]
[Round "7.48"]
[White "Zhou, Felix Tian"]
[Black "Gilroy, Shane"]
[Result "0-1"]
[WhiteElo "766"]
[BlackElo "1328"]
[PlyCount "136"]
[EventDate "2019.07.12"]
[EventType "swiss"]
[EventRounds "9"]
[EventCountry "CAN"]

1. c4 e5 2. Nc3 Nf6 3. Nf3 Nc6 4. d4 exd4 5. Nxd4 Bb4 6. a3 Bxc3+ 7. bxc3 O-O
8. Bb2 d5 9. e3 Nxd4 10. cxd4 c6 11. Bd3 Qa5+ 12. Ke2 Bg4+ 13. f3 Bh5 14. Re1
Rfe8 15. Kf1 Qc7 16. Kg1 Re7 17. Rc1 Qd7 18. a4 Rae8 19. Rc3 Kh8 20. Bf1 dxc4
21. Bxc4 Nd5 22. Bxd5 cxd5 23. Ba3 Re6 24. Qc2 Rc6 25. Rxc6 bxc6 26. Bc5 Bg6
27. Qc3 h6 28. a5 f5 29. f4 Bf7 30. Qd3 Be6 31. Qe2 Qc7 32. a6 Rb8 33. Qh5 Kh7
34. Qe2 Bc8 35. Qd3 g6 36. Qa3 Rb5 37. Bd6 Qa5 38. Qd3 Qxe1+ 39. Qf1 Rb1 40.
Qxe1 Rxe1+ 41. Kf2 Ra1 42. Kf3 Rxa6 43. h3 Ra2 44. g4 fxg4+ 45. hxg4 a5 46. e4
dxe4+ 47. Kxe4 a4 48. Kf3 a3 49. Bb4 Ra1 50. Bc3 Rf1+ 51. Ke3 a2 52. Ke2 a1=Q
53. Bxa1 Rxa1 54. Kf3 Ra3+ 55. Ke4 Bxg4 56. Ke5 h5 57. Kd6 Bf3 58. Ke5 h4 59.
Kf6 h3 60. Ke5 h2 61. Kf6 h1=Q 62. Ke5 Qe1+ 63. Kf6 Qe4 64. d5 Qxf4+ 65. Ke6
Qe4+ 66. Kd6 Qxd5+ 67. Kc7 Ra7+ 68. Kb6 Qa5# 0-1

[Event "CAN-op U1800"]
[Site "Regina CAN"]
[Date "2019.07.16"]
[Round "7.49"]
[White "Gran, Chris"]
[Black "Dusaran, Fernando"]
[Result "0-1"]
[WhiteElo "1158"]
[BlackElo "1265"]
[PlyCount "76"]
[EventDate "2019.07.12"]
[EventType "swiss"]
[EventRounds "9"]
[EventCountry "CAN"]

1. e4 e5 2. Nf3 d6 3. Bc4 Bg4 4. O-O Nf6 5. Nc3 Be7 6. h3 Bh5 7. Nd5 Nxd5 8.
Bxd5 c6 9. Bb3 Na6 10. c3 Nc5 11. Qe2 Nxb3 12. axb3 O-O 13. d4 exd4 14. g4 Bg6
15. cxd4 Re8 16. Rd1 Qd7 17. Bf4 h5 18. Nh2 hxg4 19. hxg4 Qe6 20. f3 Qxb3 21.
Ra3 Qb6 22. Kg2 d5 23. e5 Bxa3 24. bxa3 a5 25. g5 Qb3 26. Bc1 Ra6 27. f4 Rb6
28. Rd2 Bf5 29. Kg1 Qg3+ 30. Qg2 Qxf4 31. Nf1 Be4 32. Qh3 Qxg5+ 33. Ng3 Rb3 34.
Rg2 Qxc1+ 35. Kh2 Re6 36. a4 Rh6 37. e6 Rxh3+ 38. Kxh3 Qh6+ 0-1

[Event "CAN-op U1800"]
[Site "Regina CAN"]
[Date "2019.07.16"]
[Round "7.50"]
[White "Tran, Tri"]
[Black "Chen, Helen"]
[Result "0-1"]
[WhiteElo "978"]
[BlackElo "1512"]
[PlyCount "56"]
[EventDate "2019.07.12"]
[EventType "swiss"]
[EventRounds "9"]
[EventCountry "CAN"]

1. d4 d5 2. c4 e6 3. Nc3 Nf6 4. Nf3 Be7 5. Bf4 O-O 6. Qc2 Nbd7 7. e3 b6 8. cxd5
exd5 9. Bd3 Bb7 10. O-O-O c6 11. h4 a5 12. Ng5 h6 13. Nh7 Nxh7 14. Bxh7+ Kh8
15. h5 b5 16. Bd3 Rc8 17. Qb1 b4 18. Na4 c5 19. dxc5 Nxc5 20. Nxc5 Bxc5 21. Kd2
Qf6 22. g4 d4 23. Rdg1 Bxh1 24. Rxh1 Rfe8 25. Qg1 dxe3+ 26. fxe3 Qxb2+ 27. Kd1
Bd6 28. Bxd6 Rc1# 0-1

[Event "CAN-op U1800"]
[Site "Regina CAN"]
[Date "2019.07.17"]
[Round "8.31"]
[White "He, Matthew"]
[Black "Steer, David"]
[Result "1-0"]
[WhiteElo "1161"]
[BlackElo "1766"]
[PlyCount "115"]
[EventDate "2019.07.12"]
[EventType "swiss"]
[EventRounds "9"]
[EventCountry "CAN"]

1. d4 Nf6 2. c4 e6 3. g3 d5 4. Nf3 Bb4+ 5. Bd2 Bxd2+ 6. Nbxd2 O-O 7. Bg2 c6 8.
Qc2 Nbd7 9. O-O Re8 10. Rac1 e5 11. cxd5 cxd5 12. Nxe5 Nxe5 13. dxe5 Rxe5 14.
Nf3 Re7 15. Nd4 Bd7 16. Qb3 Be8 17. Rfd1 g6 18. e3 a6 19. Rc5 Qd6 20. Rc2 Rd8
21. Rcd2 Qe5 22. Nc2 Bc6 23. Nb4 Ne4 24. Rd4 Qf6 25. Bxe4 Rxe4 26. Nxd5 Bxd5
27. Rxd5 Rxd5 28. Qxd5 Re7 29. Qd8+ Kg7 30. Qd4 Rc7 31. Qxf6+ Kxf6 32. Rd6+ Ke5
33. Rb6 Ke4 34. Kg2 h5 35. Rb4+ Ke5 36. Rb6 Ke4 37. Rb4+ Ke5 38. Kf3 g5 39. g4
h4 40. h3 b5 41. a4 Rc4 42. Rxc4 bxc4 43. Ke2 f5 44. gxf5 Kxf5 45. f3 Ke5 46.
Kd2 Kd5 47. Kc3 a5 48. e4+ Kc5 49. e5 Kd5 50. e6 Kxe6 51. Kxc4 Ke5 52. b4 axb4
53. a5 Kf4 54. a6 Kxf3 55. a7 Kg3 56. a8=Q Kxh3 57. Qh1+ Kg3 58. Kd3 1-0

[Event "CAN-op U1800"]
[Site "Regina CAN"]
[Date "2019.07.17"]
[Round "8.32"]
[White "Chapman, James"]
[Black "Tcherni, Avram"]
[Result "1-0"]
[WhiteElo "1668"]
[BlackElo "1637"]
[PlyCount "67"]
[EventDate "2019.07.12"]
[EventType "swiss"]
[EventRounds "9"]
[EventCountry "CAN"]

1. e4 c6 2. d4 d5 3. f3 e6 4. Nc3 Bb4 5. Nge2 dxe4 6. fxe4 Qh4+ 7. Ng3 Nf6 8.
Qf3 O-O 9. Be2 Rd8 10. Be3 Nbd7 11. O-O Rf8 12. Rad1 Nb6 13. Bf2 Nfd7 14. a3
Bxc3 15. Qxc3 Qe7 16. b4 Na4 17. Qf3 Qf6 18. Qb3 b5 19. Be1 Qe7 20. c4 a6 21.
c5 Nf6 22. Bd2 h6 23. Bf4 Ne8 24. Bc1 Nf6 25. Rf2 Bd7 26. Rdf1 Ne8 27. Bd1 a5
28. Nh5 Kh7 29. Bc2 g6 30. e5 Bc8 31. Qe3 Ra7 32. Qxh6+ Kg8 33. Nf6+ Nxf6 34.
exf6 1-0

[Event "CAN-op U1800"]
[Site "Regina CAN"]
[Date "2019.07.17"]
[Round "8.33"]
[White "Sullivan, Brian"]
[Black "Gu, Stephanie"]
[Result "0-1"]
[WhiteElo "1381"]
[BlackElo "1599"]
[PlyCount "68"]
[EventDate "2019.07.12"]
[EventType "swiss"]
[EventRounds "9"]
[EventCountry "CAN"]

1. d4 Nf6 2. c4 g6 3. Nf3 Bg7 4. Nc3 O-O 5. e3 d6 6. Bd3 a5 7. O-O Na6 8. a3
Bd7 9. h3 Re8 10. Qc2 e5 11. b3 Qe7 12. dxe5 dxe5 13. e4 c6 14. Be3 Nc5 15. Be2
Rad8 16. Rab1 Nh5 17. Rfd1 Ne6 18. b4 axb4 19. axb4 Nhf4 20. Bf1 Bc8 21. Bb6
Rxd1 22. Nxd1 Ng5 23. Nxg5 Qxg5 24. Kh2 f5 25. g3 Nh5 26. h4 Qg4 27. Ne3 Qxe4
28. Bd3 Qf3 29. Ng2 f4 30. Kg1 fxg3 31. Be2 gxf2+ 32. Bxf2 Qf7 33. Rd1 Nf4 34.
Bf1 Nh3+ 0-1

[Event "CAN-op U1800"]
[Site "Regina CAN"]
[Date "2019.07.17"]
[Round "8.34"]
[White "Latorre, Spiro"]
[Black "Menesses, Ryan"]
[Result "1-0"]
[WhiteElo "1758"]
[BlackElo "1280"]
[PlyCount "75"]
[EventDate "2019.07.12"]
[EventType "swiss"]
[EventRounds "9"]
[EventCountry "CAN"]

1. d4 Nf6 2. c4 e6 3. Nf3 b6 4. Nc3 Bb4 5. e3 Bb7 6. Be2 O-O 7. O-O c5 8. a3
Ba5 9. Qc2 d5 10. cxd5 exd5 11. h3 c4 12. b3 Bxc3 13. Qxc3 b5 14. a4 Ne4 15.
Qb4 Ba6 16. axb5 Bxb5 17. bxc4 Bxc4 18. Bxc4 dxc4 19. Qxc4 Nd7 20. Qc6 Ndf6 21.
Ba3 Re8 22. Ne5 Rc8 23. Qa6 Nd5 24. Qxa7 Rc7 25. Qa5 Ndc3 26. Kh2 f6 27. Nf3
Qb8 28. Kh1 Ra7 29. Qf5 Ne2 30. Qd5+ Kh8 31. Ne5 Rxe5 32. dxe5 Nxf2+ 33. Kh2
Nc3 34. Qd6 Qc8 35. Rxf2 Ne4 36. Qd4 Rxa3 37. Rxa3 Nxf2 38. Qd5 1-0

[Event "CAN-op U1800"]
[Site "Regina CAN"]
[Date "2019.07.17"]
[Round "8.35"]
[White "Maheux, Pierre"]
[Black "Collins, Jacob"]
[Result "1/2-1/2"]
[WhiteElo "1665"]
[BlackElo "1710"]
[PlyCount "135"]
[EventDate "2019.07.12"]
[EventType "swiss"]
[EventRounds "9"]
[EventCountry "CAN"]

1. e4 c6 2. d4 d5 3. e5 Bf5 4. Nf3 e6 5. Bd3 Bxd3 6. Qxd3 Nd7 7. O-O c5 8. c3
c4 9. Qe2 b5 10. Be3 b4 11. a4 b3 12. a5 a6 13. Nbd2 Ne7 14. Ra4 Nc6 15. Rfa1
Be7 16. Nf1 Rb8 17. N3d2 Rb5 18. Ng3 Rxa5 19. f4 g6 20. Rxa5 Nxa5 21. Nf3 O-O
22. Ng5 h6 23. Nh3 Kh7 24. f5 exf5 25. Nxf5 gxf5 26. Qh5 Qb6 27. Qxf5+ Qg6 28.
Qxd7 Rg8 29. Nf4 Qe4 30. Qh3 Bg5 31. Rf1 Nb7 32. Qf3 Qxf3 33. Rxf3 a5 34. Nxd5
a4 35. Nf6+ Bxf6 36. Rxf6 Rg6 37. Rxf7+ Rg7 38. Rf1 Rg8 39. e6 Nd6 40. d5 Ra8
41. e7 a3 42. bxa3 b2 43. Bc5 Ne4 44. Bd4 Nd2 45. d6 Nxf1 46. d7 b1=Q 47. d8=Q
Ne3+ 48. Kf2 Qf5+ 49. Ke2 Qh5+ 50. Kd2 Qe8 51. Qxe8 Rxe8 52. Bxe3 Rxe7 53. h4
Rg7 54. Bc5 Rxg2+ 55. Ke3 Rg3+ 56. Kd4 Rg4+ 57. Kd5 Rxh4 58. a4 Rg4 59. a5 Rg6
60. Kxc4 h5 61. Kb5 Rg2 62. a6 Ra2 63. a7 h4 64. Kb6 h3 65. Bd6 Rb2+ 66. Kc6
Ra2 67. Kb7 Rb2+ 68. Kc6 1/2-1/2

[Event "CAN-op U1800"]
[Site "Regina CAN"]
[Date "2019.07.17"]
[Round "8.37"]
[White "Kreuger, Stephen"]
[Black "Skop, Mike"]
[Result "1/2-1/2"]
[WhiteElo "1580"]
[BlackElo "1660"]
[PlyCount "66"]
[EventDate "2019.07.12"]
[EventType "swiss"]
[EventRounds "9"]
[EventCountry "CAN"]

1. e4 c6 2. d4 Na6 3. c4 g6 4. Nc3 Nh6 5. Nf3 f6 6. Be2 Nf7 7. Be3 Bg7 8. a3
Nc7 9. Qc2 d6 10. Rd1 e5 11. dxe5 fxe5 12. O-O Qe7 13. b4 Be6 14. Kh1 O-O 15.
Qc1 Rfd8 16. Ng5 d5 17. Nxe6 Qxe6 18. cxd5 cxd5 19. exd5 Nxd5 20. Bc4 Rac8 21.
Nxd5 b5 22. Nb6 bxc4 23. Nxc8 Rxc8 24. Bxa7 Qa6 25. Bc5 Ra8 26. Rd7 c3 27. Rfd1
Qxa3 28. Qxa3 Rxa3 29. b5 Rb3 30. b6 c2 31. Be3 cxd1=Q+ 32. Rxd1 Nd6 33. g3 Bf8
1/2-1/2

[Event "CAN-op U1800"]
[Site "Regina CAN"]
[Date "2019.07.17"]
[Round "8.38"]
[White "Donovan, Ryan"]
[Black "Myrzaibraimov, Azamat"]
[Result "0-1"]
[WhiteElo "1547"]
[BlackElo "1604"]
[PlyCount "74"]
[EventDate "2019.07.12"]
[EventType "swiss"]
[EventRounds "9"]
[EventCountry "CAN"]

1. d4 d5 2. c4 e6 3. Nc3 Bb4 4. cxd5 Bxc3+ 5. bxc3 Qxd5 6. Bf4 c6 7. Nf3 Nd7 8.
e3 Ngf6 9. Bd3 Qa5 10. Qc2 Nd5 11. Rc1 Nxf4 12. exf4 h6 13. O-O Nf6 14. Ne5 Bd7
15. Rfe1 O-O 16. g4 Qd8 17. g5 hxg5 18. fxg5 Nh5 19. Bh7+ Kh8 20. g6 Nf4 21.
Kh1 Be8 22. Rg1 fxg6 23. Bxg6 Bxg6 24. Nxg6+ Kg8 25. Nxf8 Qd5+ 26. f3 Qxf3+ 27.
Rg2 Qxg2+ 28. Qxg2 Nxg2 29. Nxe6 Ne3 30. Rg1 Nf5 31. Kg2 Re8 32. Re1 Nh4+ 33.
Kf2 b5 34. Re4 Nf5 35. Kf3 Nd6 36. Re5 Nf7 37. Re4 Rxe6 0-1

[Event "CAN-op U1800"]
[Site "Regina CAN"]
[Date "2019.07.17"]
[Round "8.39"]
[White "Bolduc, Jacques"]
[Black "Li, Alan"]
[Result "1-0"]
[WhiteElo "1410"]
[BlackElo "1272"]
[PlyCount "69"]
[EventDate "2019.07.12"]
[EventType "swiss"]
[EventRounds "9"]
[EventCountry "CAN"]

1. d4 d5 2. c4 c6 3. Nc3 Nf6 4. Bf4 Bf5 5. e3 e6 6. Bd3 Bg6 7. Nge2 Bb4 8. O-O
Bd6 9. Rc1 Qc7 10. cxd5 exd5 11. Nb5 Qd7 12. Nxd6+ Ke7 13. Bxg6 hxg6 14. Qb3
Na6 15. Qxb7 g5 16. Qxd7+ Kxd7 17. Bg3 Rhf8 18. a3 Nh5 19. Nb7 Nxg3 20. fxg3
Rab8 21. Nc5+ Nxc5 22. dxc5 Rxb2 23. Rfe1 Rb3 24. Rc3 Rb2 25. Nd4 g6 26. Rb3
Rxb3 27. Nxb3 Rb8 28. Nd4 Rb2 29. Re2 Rb1+ 30. Kf2 Rh1 31. h3 Rc1 32. Rc2 Ra1
33. Rc3 Ra2+ 34. Kf3 f5 35. Rb3 1-0

[Event "CAN-op U1800"]
[Site "Regina CAN"]
[Date "2019.07.17"]
[Round "8.40"]
[White "Thomson, Bruce"]
[Black "Singh, Amninder"]
[Result "0-1"]
[WhiteElo "1405"]
[BlackElo "1463"]
[PlyCount "88"]
[EventDate "2019.07.12"]
[EventType "swiss"]
[EventRounds "9"]
[EventCountry "CAN"]

1. d4 Nf6 2. c4 e5 3. Nf3 Bb4+ 4. Bd2 Bxd2+ 5. Qxd2 exd4 6. Nxd4 O-O 7. g3 c6
8. Bg2 d5 9. cxd5 Nxd5 10. O-O Bg4 11. Nf3 Nd7 12. Nc3 N7f6 13. Nxd5 Nxd5 14.
Rfd1 h6 15. h3 Bh5 16. Qe1 Qb6 17. a3 Bg6 18. Ne5 Qxb2 19. Nxg6 fxg6 20. Bxd5+
cxd5 21. Rxd5 Qf6 22. Rad1 Rf7 23. R1d3 Raf8 24. Rf3 Qc6 25. Rxf7 Rxf7 26. Rd8+
Kh7 27. h4 Qc7 28. Rd3 h5 29. Re3 Qc5 30. Rc3 Qe5 31. e3 Qf5 32. Qe2 Rd7 33. e4
Qe5 34. Rd3 Re7 35. Re3 Rc7 36. Qd1 Rc4 37. f4 Qb2 38. Re2 Qxa3 39. Kh2 Rc3 40.
Qe1 Rc1 41. Qf2 Qb3 42. f5 Rc6 43. fxg6+ Rxg6 44. Qf5 Qxg3+ 0-1

[Event "CAN-op U1800"]
[Site "Regina CAN"]
[Date "2019.07.17"]
[Round "8.41"]
[White "Aripuddin, Allan"]
[Black "Li, Andrew"]
[Result "0-1"]
[WhiteElo "1594"]
[BlackElo "1669"]
[PlyCount "112"]
[EventDate "2019.07.12"]
[EventType "swiss"]
[EventRounds "9"]
[EventCountry "CAN"]

1. d4 d5 2. c4 c6 3. g3 dxc4 4. Bg2 Nf6 5. Nf3 b5 6. Bg5 Bb7 7. O-O Nbd7 8. Nc3
h6 9. Bf4 Nd5 10. Bc1 e6 11. e4 Nb4 12. Ne1 Nf6 13. a3 Na6 14. Nc2 Nc7 15. Re1
Be7 16. Ne3 a6 17. Ng4 Nxg4 18. Qxg4 Qxd4 19. Rd1 Qf6 20. Bf4 Rc8 21. Qe2 e5
22. Be3 O-O 23. Bb6 c5 24. Bxc7 Rxc7 25. Nd5 Bxd5 26. exd5 Bd6 27. a4 Qe7 28.
axb5 axb5 29. Ra5 Rb8 30. Rda1 f5 31. Bh3 Qf7 32. Qf3 g6 33. Ra6 e4 34. Qe2 Rd7
35. Qd2 g5 36. Rc6 Bf8 37. Raa6 Rxd5 38. Rg6+ Kh7 39. Qa5 Rd1+ 40. Bf1 Rbd8 41.
Raf6 Qe8 42. Qb6 R1d6 43. Qa5 e3 44. Qe1 e2 45. Qxe2 Qd7 46. Qc2 Rxf6 47. Rxf6
Bg7 48. Ra6 Rf8 49. Bh3 Qd3 50. Qc1 Qe2 51. Bf1 Qxb2 52. Qxb2 Bxb2 53. Ra2 c3
54. Bd3 c4 55. Bxf5+ Rxf5 56. Rxb2 cxb2 0-1

[Event "CAN-op U1800"]
[Site "Regina CAN"]
[Date "2019.07.17"]
[Round "8.42"]
[White "Ratte, Daniel"]
[Black "Myrzaibraimova, Aibike"]
[Result "0-1"]
[WhiteElo "1212"]
[BlackElo "1581"]
[PlyCount "64"]
[EventDate "2019.07.12"]
[EventType "swiss"]
[EventRounds "9"]
[EventCountry "CAN"]

1. e4 e6 2. Nf3 d5 3. exd5 exd5 4. d4 Bd6 5. Nc3 c6 6. g3 Ne7 7. Bg2 O-O 8. O-O
h6 9. Be3 Bf5 10. Qd2 Nd7 11. a3 Nf6 12. Rad1 Bg4 13. Bxh6 gxh6 14. Qxh6 Ng6
15. h3 Bh5 16. g4 Bf4 17. g5 Qc8 18. Ne2 Qf5 19. Nxf4 Qxf4 20. Rd3 Rae8 21. Rb3
b6 22. Rc3 Re6 23. Re1 Rfe8 24. Rf1 Ne7 25. Nh4 Qxh4 26. gxf6 Rxf6 27. Qd2 Rg6
28. Kh1 Nf5 29. Rd3 Re2 30. Qc3 Qg5 31. Rg1 Rxf2 32. Qxc6 Rxc6 0-1

[Event "CAN-op U1800"]
[Site "Regina CAN"]
[Date "2019.07.17"]
[Round "8.43"]
[White "Mayol, John"]
[Black "Li, Anthony Zongyue"]
[Result "1-0"]
[WhiteElo "1716"]
[BlackElo "847"]
[PlyCount "119"]
[EventDate "2019.07.12"]
[EventType "swiss"]
[EventRounds "9"]
[EventCountry "CAN"]

1. e4 c5 2. Nc3 Nc6 3. Nf3 Nf6 4. Bb5 d6 5. O-O Bd7 6. Re1 a6 7. Be2 g6 8. d4
cxd4 9. Nxd4 Bg7 10. Nf3 O-O 11. b3 Ng4 12. Bb2 Qb6 13. Rf1 Rac8 14. Nd5 Qa7
15. Bxg7 Kxg7 16. c3 e6 17. Nf4 Ne3 18. Qxd6 Nxf1 19. Qxd7 Ne3 20. Nxe6+ Kg8
21. Nxf8 Rxf8 22. fxe3 Qxe3+ 23. Kf1 Qxc3 24. Re1 Rd8 25. Qxb7 a5 26. Bc4 Qf6
27. Kg1 Nb4 28. e5 Qf4 29. e6 fxe6 30. Bxe6+ Kf8 31. g3 Qf6 32. Kg2 Nd3 33. Rf1
Nf4+ 34. Kh1 Qxe6 35. Ng5 Qd5+ 36. Qxd5 Rxd5 37. Rxf4+ Ke7 38. Nxh7 g5 39. Rf2
g4 40. Kg2 Rh5 41. Nf6 Rg5 42. Ne4 Rh5 43. Rf4 Rd5 44. Rxg4 Rd4 45. h4 a4 46.
Nf2 Rxg4 47. Nxg4 axb3 48. axb3 Kf7 49. Kf3 Ke6 50. h5 Kf5 51. h6 Kg6 52. b4
Kh7 53. b5 Kg6 54. b6 Kf7 55. b7 Kg6 56. b8=Q Kf7 57. Qd6 Ke8 58. Qc7 Kf8 59.
Qd7 Kg8 60. Qg7# 1-0

[Event "CAN-op U1800"]
[Site "Regina CAN"]
[Date "2019.07.17"]
[Round "8.44"]
[White "Richardson, Daniel"]
[Black "Huang, Winston"]
[Result "0-1"]
[WhiteElo "1126"]
[BlackElo "1065"]
[PlyCount "76"]
[EventDate "2019.07.12"]
[EventType "swiss"]
[EventRounds "9"]
[EventCountry "CAN"]

1. e4 e5 2. Nf3 Nc6 3. Bb5 a6 4. Ba4 Nf6 5. d3 b5 6. Bb3 Bb7 7. Bg5 h6 8. Bh4
Be7 9. Nc3 d6 10. O-O O-O 11. Re1 Na5 12. Nd2 Nxb3 13. Nxb3 d5 14. Na5 Rb8 15.
Nxb7 Rxb7 16. Bg3 d4 17. Nd5 Bd6 18. Bh4 Be7 19. Nxe7+ Qxe7 20. Qe2 Re8 21.
Rac1 Qe6 22. b3 c5 23. Rf1 Nd7 24. Bg3 Nb6 25. f4 exf4 26. Bxf4 Rbe7 27. Bd2 f5
28. Rxf5 Qxf5 29. exf5 Rxe2 30. Ba5 Nd7 31. a4 b4 32. Kf1 R2e5 33. g4 Nf6 34.
h3 Re3 35. Kg2 Re2+ 36. Kg1 Re1+ 37. Rxe1 Rxe1+ 38. Kf2 Rc1 0-1

[Event "CAN-op U1800"]
[Site "Regina CAN"]
[Date "2019.07.17"]
[Round "8.45"]
[White "Dusaran, Fernando"]
[Black "Jiang, William"]
[Result "1-0"]
[WhiteElo "1265"]
[BlackElo "979"]
[PlyCount "61"]
[EventDate "2019.07.12"]
[EventType "swiss"]
[EventRounds "9"]
[EventCountry "CAN"]

1. e4 c5 2. Nf3 Nc6 3. d4 cxd4 4. Nxd4 Nf6 5. Nc3 e5 6. Ndb5 d6 7. a4 a6 8. Na3
Be7 9. Bg5 Qb6 10. Nc4 Qd8 11. Bxf6 Bxf6 12. Nxd6+ Ke7 13. Nxc8+ Qxc8 14. Nd5+
Ke8 15. Nb6 Qe6 16. Nxa8 Bd8 17. a5 Nxa5 18. b3 Ke7 19. Qd2 Nc6 20. Bc4 Qg6 21.
O-O Re8 22. Rad1 Ba5 23. Qd7+ Kf8 24. Qxb7 Nd4 25. f4 Nxc2 26. Rd7 Ne3 27.
Rxf7+ Kg8 28. Rxg7+ Kh8 29. Rxg6 Nf5 30. exf5 Re7 31. Rg8# 1-0